000 00303nam a22001337a 4500
008 170905b xxu||||| |||| 00| 0 eng d
020 _a9780205278374
041 _aeng
080 _24TH
_a070
100 _a40
101 _aMED
245 _aWRITING FOR THE MASS MEDIA
_cSTOVALL,J.G
942 _2udc
_cBK
999 _c26195
_d26195